O livro negro do Capitalismo (Record no. 46146)
[ view plain ]
| 000 -Etiqueta do registo | |
|---|---|
| Valores | 00713cam a2200253 4500 |
| 010 ## - Número ISBN | |
| ISBN | 9726101441 |
| 021 ## - Número do Depósito Legal | |
| Número | 130153/98 |
| 100 ## - Dados gerais de processamento | |
| Dados gerais | 20000915d1999 m y0pory5003 ba |
| 101 1# - Língua de publicação | |
| Língua | por |
| 102 ## - País de publicação | |
| País | PT |
| 200 1# - Titulo e menção de responsabilidade | |
| Título próprio | O livro negro do Capitalismo |
| Primeira menção de responsabilidade | [Vários, não identificados] |
| Outras menções de responsabilidade | trad. Ana Maria Duarte... [et al.] |
| 205 ## - Menção da edição | |
| Edição | 1.ª ed. |
| 210 #9 - Publicação | |
| Local de publicação | Porto |
| Nome do editor | Campo das Letras, |
| Data de publicação | 1999 |
| 215 ## - Descrição física | |
| Paginação / Volumes | 622 p. |
| Dimensões | 23 cm |
| 225 2# - Colecção | |
| Título próprio da colecção | Campo da história |
| Indicação de volume | 8 |
| 304 ## - Nota relativa ao título | |
| Texto de nota | Tít. orig.: Le livre noir du capitalisme |
| 606 ## - Nome comum usado como assunto | |
| Palavra de ordem | Capitalismo |
| Subdivisão assunto | História |
| 675 ## - CDU | |
| Notação | 330.34(091) |
| 675 ## - CDU | |
| Notação | 330.342(091) |
| Edição | BN |
| Língua | por |
| 702 #1 - Autor secundário | |
| Apelido | Duarte, |
| Nome | Ana Maria |
| Função | 730 |
| 801 ## - Fonte de origem | |
| País | PT |
| Regras de catalogação | RPC |
| 990 ## - Elementos KOHA | |
| Tipo de documento | Livro |
| Aquisição | Empréstimo | Código de barras | Cota | Permissão de empréstimo | Tipo de documento | Nota relativa ao exemplar |
|---|---|---|---|---|---|---|
| Biblioteca Municipal de Redondo | Biblioteca Municipal de Redondo | 057242 | 330.34 LIV | Livro | Oferta de franklim Amaro cabreirinha |